000 00363nam a2200145Ia 4500
008 230917s9999||||xx |||||||||||||| ||und||
040 _e114925
_aMAIN
041 _aEnglish
082 _a620.105 R11S
100 _aRajput, R K
245 0 _aStrength of materials: Mechanics of solids
260 _aNew Delhi
_bS Chand
_c2007
300 _a1423 p.
942 _cBK
999 _c141475
_d141475